000 01045nam1a22003131 4500
001 RU\NLR\A1SV\82362
005 20260406155200.0
035 _a(NLR Aleph) 009763788
090 _a10029171
_c10029171
100 _a20070921d1918 u y0rusy50 ca
101 1 _arus
_ceng
102 _aRU
200 1 _aПовести и рассказы
_fДжек Лондон
210 _aМ.
_cТиполит. "Печатник"
_d1918
215 _d16 см
225 _aЗавет. б-ка
300 _aБез тит. л.
311 _aБеспл. прил. к журн.: Путеводный огонек
463 0 _1001RU\NLR\A1SV\82363
_913483544
_fПер. Б.Пегелау
_p32 с.
_tТайна
463 0 _1001RU\NLR\A1SV\82364
_913483545
_pС.33-64 с.
_tНа абордаж
620 _dМосква
700 1 _8rus
_7ca
_aЛондон
_bД.
_f1876-1916
_gДжек
_3RU\NLR\AUTH\777462
_9117396
801 0 _aRU
_bNLR
_c20070921
852 _aNLR
_j37.77.8.1196
899 _aРГБ
942 _cBOOK
980 _aNB
980 _aA1SV